Introducción al control automático
Αποθηκεύτηκε σε:
| Κύριος συγγραφέας: | |
|---|---|
| Μορφή: | Βιβλίο |
| Γλώσσα: | Spanish |
| Έκδοση: |
San José, Costa Rica : Universidad de Costa Rica, Escuela de Ingeniería,
1974
|
| Σειρά: | Serie textos
|
| Θέματα: | |
| Ετικέτες: |
Προσθήκη ετικέτας
Δεν υπάρχουν, Καταχωρήστε ετικέτα πρώτοι!
|
MARC
| LEADER | 00000nam a2200000Ia 4500 | ||
|---|---|---|---|
| 003 | 002040 | ||
| 005 | 20221231143948.0 | ||
| 008 | 140114s1974 cr a 000 ||spa d | ||
| 040 | |c cru CEDI | ||
| 082 | |a 629.8 O74i | ||
| 100 | |a Orozco Saborío, Rodrigo |9 17991 | ||
| 245 | |a Introducción al control automático | ||
| 260 | |a San José, Costa Rica : Universidad de Costa Rica, Escuela de Ingeniería, |c 1974 | ||
| 300 | |a 236 páginas : ilustraciones ; 27 cm.-- | ||
| 440 | |a Serie textos |n 223 |9 21166 | ||
| 650 | |x CONTROL AUTOMATICO |9 21167 | ||
| 942 | |2 ddc |c BK | ||
| 999 | |c 14867 |d 14867 | ||
